[Event "Corus"]
[Site "Wijk aan Zee"]
[Date "2007.01.20"]
[Round "7"]
[White "Anand, Viswanathan"]
[Black "Radjabov, Teimour"]
[Result "1/2-1/2"]
[WhiteElo "2779"]
[BlackElo "2729"]
[Annotator "Rogozenco,D"]
[PlyCount "84"]
[EventDate "2007.01.13"]
[EventType "tourn"]
[EventRounds "13"]
[EventCountry "NED"]
[EventCategory "19"]
[SourceTitle "CBM 117"]
[Source "ChessBase"]
[SourceDate "2007.03.30"]
[SourceVersion "1"]
[SourceVersionDate "2007.03.30"]
[SourceQuality "1"]

{Games between Anand and Radjabov always represent a highly interesting fight.
Teimour is a very principled player, fearlessly defending his openings
preferences, while Anand is one of the best theoreticians in the world,
especially dangerous versus such principled opponents.} 1. e4 c5 2. Nf3 Nc6 3.
d4 cxd4 4. Nxd4 Nf6 5. Nc3 e5 6. Ndb5 d6 7. Bg5 a6 8. Na3 b5 9. Nd5 {In August
2006 they played a rapid match in Mainz, where Sveshnikov Sicilian served
ideally to Radjabov, who achieved two draws and won one game with it. In my
comments to their fifth encounter from that match I wrote that "without a
consistent home preparation against Sveshnikov Sicilian it is wiser for White
to choose 9.Nd5 rather than 9.Bxf6, where a mistake could be much more costly
for the first player". By choosing 9.Nd5 White does not pretend to achieve any
substantial advantage out of the opening. Instead he hopes to outplay Black in
a quiet strategical battle, with basically no risk of losing. At the moment
when this game was played, Anand was still under the shock of his painful loss
versus Kramnik in the previous round. Thus 9.Nd5 suited perfectly for his
psychological state of mind, which could be described as "ok, White tries
something, but if things go wrong, then it will be a draw".} Be7 10. Bxf6 Bxf6
11. c3 Bg5 12. Nc2 O-O 13. a4 bxa4 14. Rxa4 a5 15. Bc4 Bd7 {This move became
Radjabov's trademark.} 16. O-O Rb8 17. Ra2 Kh8 18. Nce3 {A pretty harmless
attempt to improve over Karjakin-Radjabov, 2006. It leads to standard
positions, where Black has little to complain about.} (18. Qe2 f5 19. exf5 Bxf5
20. Nce3 Be6 $11) (18. Nde3 Qc7 19. Qd3 Ne7 20. Rd1 Bc6 21. Nd5 Nxd5 22. Bxd5
Bb5 $11 {1/2-1/2 Karjakin,S (2672)-Radjabov,T (2729)/Cap d'Agde (rapid) 2006 
(42)}) 18... g6 {This typical move is a novelty. The plan ...g6 followed by ...
f5 is a common way to react to the position of White's knights on d5 and e3.} (
18... f5 19. exf5 Bxe3 20. Nxe3 Bxf5 21. Nxf5 Rxf5 22. Qd5 Qc7 23. b3 $14 {
0-1 Novacek,K (2095)-Kalik,J/Svetla nad Sazavou 1998 (37)}) 19. Qd3 f5 20. b3 {
In the theory there is a similar situation with White's rook on a4 and Black's
bishop on c8. That position is rightly considered to be equal. The slight
difference here formally favours White, but it does not change much in the
assessment of the position.} Bh6 21. Rd1 Qh4 22. f3 Qg5 {For the moment
Radjabov prefers to wait. Black could also consider the exchange on e4:} (22...
fxe4 $5 23. Qxe4 (23. fxe4 Be6 $132 {[%cal Gb8b7,Gb7f7]}) 23... Qxe4 24. fxe4
Be6 25. Nf1 Kg7 {The endgame is equal. For instance:} 26. Ra3 (26. Nde3 Bxe3+
27. Nxe3 Bxc4 28. bxc4 (28. Nxc4 Rxb3) 28... Rb3 $11) 26... Bg5 {[%cal Gg5d8]}
27. Nde3 Bc8 $5 $11 ({Or the simple} 27... Bxc4 28. Nxc4 Rf4 29. Nxd6 Be7 $132)
28. Rxd6 $140 $2 Be7 $17) (22... Be6 $11) 23. Nf1 {The evaluation of this
position is a matter of taste. Statistically speaking, White has an edge
thanks to the somewhat better pawn structure - weaknesses on a5 and b3
compensate each other and Black is left with one more weakness on d6. However,
due to the opponent's bishop pair and the central tension it is difficult for
White to make progress, therefore most "Sveshnikov" players would assess the
position as equal. Nevertheless White has ideas to improve. With his last move
Anand is trying to create Radjabov some problems. He frees square e3 for the
other knight, reminding Black of the necessity to protect pawn d6.} Qd8 24. Kh1
$1 {Unexpectedly after this good prophylactic move Radjabov goes wrong.} ({
The immediate} 24. Nde3 {does not reach its goal due to} Qb6 25. Kh1 Rbd8 $11 (
25... fxe4 26. Qxe4 $1 $14 (26. fxe4 Rbd8 $11))) 24... f4 $6 {Teimour hopes
for a King's Indian type of counterplay on the kingside (the advance of the
g-pawn), but now White can quicker develop his play in the center and on the
queenside. Black's main problem will be his poor dark-squared bishop. The
Azerbaijani GM should have continued to keep the tension and wait, since White
cannot create any concrete threats.} (24... Be6 $5 $13 25. Nde3 (25. Bb5 $6 Ne7
$132) 25... Bxc4 26. Qxc4 Qb6 27. Rxd6 Bxe3 28. Rxc6 Qxb3 29. Qxb3 Rxb3 $11) (
24... Qh4 25. Nde3 fxe4 26. Qxe4 $1 (26. fxe4 Rf6 $11) 26... Qxe4 27. fxe4 Rf6
28. Rad2 Bf8 29. Nd5 $14) 25. Nd2 $1 {The knight immediately joins the action.}
Bg5 ({There is simply no time for the advance of kingside pawns:} 25... g5 26.
Bb5 Rg8 (26... g4 {runs into the simple} 27. Bxc6 Bxc6 28. fxg4 $16) (26... Nb4
27. Nxb4 Bxb5 28. c4 Bd7 (28... axb4 29. cxb5 $16 {[%csl Gd2,Rh6]} Qb6 30. Nc4
Qxb5 31. Qxd6 Bg7 32. Ra5 $18) 29. Nd5 g4 30. fxg4 Bxg4 31. Rda1 Ra8 32. b4 $16
{and White already wins a pawn, while Black is unable to start a dangerous
attack.}) 27. Nc4 $1 Rg6 (27... Rxb5 28. Nxd6 {[%csl Rb5][%cal Gd6f7]} Rxd5 29.
exd5 $18) 28. Bxc6 Bxc6 29. Nxa5 $16) 26. Bb5 $1 (26. Rda1 {with advantage is
not bad either, but Anand's move looks more convincing.}) 26... Nb4 {Forced.
At least Black keeps material equality by exchanging the queenside pawns.
However, this will only partially solve his problems.} (26... Bh4 {goes
nowhere:} 27. Ba4 $1 $16 {[%cal Gd2c4]} (27. Nc4 $4 Rxb5) 27... Bg3 $2 28. hxg3
fxg3 29. Kg1 Qh4 30. Nf1 $18) (26... Ne7 27. Bxd7 Qxd7 28. Rxa5 $18) 27. Nxb4 {
Again Anand's choice seems the most energetic.} ({After} 27. cxb4 Bxb5 28. Nc4
axb4 29. Ra7 Bh4 $5 {Black still has some ideas.}) 27... Bxb5 28. c4 Bxc4 (
28... Be8 29. Nd5 (29. Na6 $6 Ra8 30. c5 dxc5 $13) 29... Bh4 30. c5 $5 dxc5 (
30... Bf2 31. cxd6 Bc5 32. Nc4 Bxd6 33. Qc3 {and Black's position collapses.})
31. Qc3 $16) (28... Bd7 29. Na6 Ra8 (29... Rb6 30. Rxa5 $16) 30. Qxd6 Bc8 31.
Qxd8 Rxd8 32. Nc7 $18) 29. Nxc4 Rxb4 30. Qd5 $16 {The better pieces and
multiple weaknesses in Black's position define White's obvious advantage.} Qc7
(30... Rxb3 $2 31. Nxe5 $18) 31. Nxd6 Bf6 32. Rxa5 Rxb3 33. Rc5 Qb8 (33... Qb6
34. Rcc1 $18 {is even worse. Black is unable to coordinate his forces.}) 34.
Rcc1 $1 ({In the endgame after} 34. Nf7+ Kg7 35. Nxe5 Qxe5 36. Qxe5 Bxe5 37.
Rxe5 Rd8 $1 {Black keeps good chances to survive.}) 34... Rb2 35. Qe6 Qb3 $1
36. Qd7 $2 {The mistake which spoiled a good game.} (36. Nc4 {leads to a very
difficult position for Black:} Re2 (36... Rf2 37. Rb1 Rd2 (37... Qa2 38. Rb8 $1
Rxb8 39. Qxf6+ Kg8 40. Qe6+ $18) (37... Qc3 38. Qd6 Kg8 39. Qd5+ Kh8 40. Qc5
$18 {[%csl Rf2,Rf8]}) (37... Qc2 38. Rdc1 Qe2 39. Rg1 $18 {[%csl Re5]}) 38. Rg1
Qa2 39. Ra1 Qb3 40. Ra3 Qb4 41. Ra7 $18) (36... Ra2 37. Rb1 Qc2 38. Rg1 $16)
37. Rb1 Qc3 (37... Qa2 38. Rb8 Rxb8 39. Qxf6+ Kg8 40. Qe6+ $18) 38. Qd6 Kg8 39.
Rbc1 Qb3 ({or} 39... Rc2 40. Rxc2 Qxc2 41. Nxe5 Bxe5 42. Qe6+ $1) 40. Nxe5 Bxe5
41. Qxe5 $16) 36... Rc2 $1 {Thanks to this trade of rooks and White's back
rank problems Black succeeds to hold.} 37. Ne8 Rxc1 38. Rxc1 Qa3 $1 (38... Qf7
$2 39. Nxf6 Qxf6 40. Rc7 $18) 39. Rb1 ({or} 39. Rd1 Qe7 {and Black defends})
39... Qa2 $1 ({Again} 39... Qe7 $2 {loses:} 40. Nxf6 Qxf6 41. Rb7 $18) 40. Rd1
Qf7 41. Nxf6 Qxf6 {The triumph of defense: Black kept material equality and
succeeded to exchange all queenside pawns, his bad bishop and a pair of rooks.
Besides, he also brought the queen to protect his king. Things couldn't go any
better than that for Radjabov.} 42. Qc7 Rf7 1/2-1/2

[Event "Corus"]
[Site "Wijk aan Zee"]
[Date "2007.01.21"]
[Round "8"]
[White "Radjabov, Teimour"]
[Black "Aronian, Levon"]
[Result "0-1"]
[WhiteElo "2729"]
[BlackElo "2744"]
[Annotator "Krasenkow,M"]
[PlyCount "130"]
[EventDate "2007.01.13"]
[EventType "tourn"]
[EventRounds "13"]
[EventCountry "NED"]
[EventCategory "19"]
[SourceTitle "CBM 117"]
[Source "ChessBase"]
[SourceDate "2007.03.30"]
[SourceVersion "1"]
[SourceVersionDate "2007.03.30"]
[SourceQuality "1"]

1. d4 Nf6 2. c4 e6 3. Nf3 d5 4. Nc3 Bb4 5. cxd5 exd5 6. Bg5 Nbd7 7. e3 c5 8.
Be2 {A modest move, comparing to the normal} (8. Bd3) 8... Qa5 9. O-O O-O 10.
Qc2 (10. dxc5 {is equally harmless}) 10... Bxc3 (10... Re8 $6 11. Nxd5 $1 Nxd5
12. a3 $14) (10... c4 $5 11. Nd2 Re8 12. Bh4 b5 13. Rfb1 (13. a4 $142) 13...
Bf8 14. Bf3 Bb7 15. e4 dxe4 16. Ndxe4 Nxe4 17. Nxe4 Qb6 $15 {0-1
Brenninkmeijer,J-Sosonko,G/Netherlands 1992/CBM 030 (41)}) 11. bxc3 Ne4 (11...
b6 $5 12. Nd2 cxd4 13. cxd4 Ba6 14. Nb3 Qa4 15. Bxa6 Qxa6 16. f3 h6 17. Bh4
Rac8 $11 {1/2-1/2 Brenninkmeijer,J-Gulko,B/Groningen 1990/CBM 021 (38)}) 12. c4
{The only attempt to get something.} cxd4 13. cxd5 (13. exd4 $5 Nxg5 14. Nxg5
Nf6 15. c5 Bd7 16. Bd3 g6 17. Nf3 Ba4 18. Qb2 b6 19. Rac1 Rac8 20. Qa3 $14 {
0-1 Gil Capape,J-Campora,D/Zaragoza 1992/TD (30)}) 13... Re8 {Black has a
comfortable position. White's pair of passive bishops has no importance,
especially as White can't keep it.} 14. Rad1 {This loses a pawn, as well as} (
14. Bf4 $6 dxe3 15. Bxe3 Ndf6) (14. exd4 $5 Nb6 15. Bd3 Bf5 {followed by ...
Qxd5, leads to a material balance, and White must hold the position, despite
his isolated pawn.}) 14... h6 15. Bh4 $6 (15. Bf4 $142 $5 dxe3 16. Bxe3 Nc3 17.
Rc1 Nxe2+ (17... Nxd5 18. Bd2) 18. Qxe2 Qxd5 19. Rfd1 $44 {White's development
advantage compensates Black's extra pawn, and a draw is quite probable.}) 15...
dxe3 16. fxe3 Nc3 17. Be1 $6 {A passive move but White had not enough
compensation for the pawn anyway, e.g.} (17. Rd4 Nxd5 $1 (17... Rxe3 $6 18. Bd3
) 18. Be1 Qc7 $1 $17) 17... Rxe3 18. Bd3 Qc5 $1 19. Qxc3 Rxe1+ 20. Qxc5 Rxf1+
21. Bxf1 Nxc5 $19 {White is a pawn down with no compensation whatsoever 
(moreover, his d5 pawn is rather weak). The rest is a matter of technique.} 22.
Ne5 Nd7 23. Nc4 Nf6 24. Be2 Bd7 25. Bf3 Rd8 26. Ne5 Bf5 27. d6 Nd7 28. Nc4 b6
29. a3 Kf8 30. Kf2 Rc8 31. Ne3 Be6 32. Nd5 Rc2+ 33. Kg3 Ne5 34. Nc7 Bd7 35. Na6
Ke8 36. Re1 f6 37. Re3 Kd8 38. Bd5 Rd2 39. Nc7 Bf5 40. Kf4 g6 41. Rc3 Kd7 42.
Ke3 Rd3+ 43. Rxd3 Bxd3 44. Be4 Bxe4 45. Kxe4 Kxd6 46. Nb5+ Kc5 47. Nxa7 Nc4 48.
a4 Nd6+ 49. Kd3 Kb4 50. Kd4 Nf5+ 51. Kd5 Ne3+ 52. Ke6 f5 53. Nc8 Nxg2 54. Nxb6
f4 55. Nd5+ Kxa4 56. Kf6 f3 57. Nc3+ Kb4 58. Ne4 Nh4 59. Kg7 h5 60. Kh6 Kc4 61.
Kg5 Kd3 $1 62. Ng3 Nf5 63. Nh1 Ne7 64. Kf6 Ke2 65. h4 (65. Kxe7 f2 66. Ng3+ (
66. Nxf2 Kxf2 67. Kf6 h4 68. Kxg6 Kg2 $19) 66... Kf3 67. Kf6 h4 68. Nf1 Ke2 $19
) 65... Kf1 0-1

[Event "Amber-blindfold 16th"]
[Site "Monte Carlo"]
[Date "2007.03.19"]
[Round "3"]
[White "Van Wely, Loek"]
[Black "Radjabov, Teimour"]
[Result "0-1"]
[WhiteElo "2683"]
[BlackElo "2729"]
[PlyCount "148"]
[EventDate "2007.03.17"]
[EventType "tourn (rapid)"]
[EventRounds "11"]
[EventCountry "MNC"]
[EventCategory "20"]
[SourceTitle "CBM 117 Extra"]
[Source "ChessBase"]
[SourceDate "2007.05.09"]
[SourceVersion "1"]
[SourceVersionDate "2007.05.09"]
[SourceQuality "1"]

1. d4 Nf6 2. c4 g6 3. Nc3 Bg7 4. e4 d6 5. Nf3 O-O 6. Be2 e5 7. O-O Nc6 8. d5
Ne7 9. b4 Nh5 10. Re1 f5 11. Ng5 Nf6 12. f3 Kh8 13. Ne6 Bxe6 14. dxe6 Nh5 15.
c5 Nf4 16. Bc4 fxe4 17. Rxe4 Nf5 18. Bxf4 exf4 19. Nd5 Re8 20. Nxf4 c6 21. e7
Rxe7 22. Ne6 Qb8 23. Nxg7 Rxg7 24. cxd6 Nxd6 25. Rd4 Nf5 26. Rd3 Re7 27. Qd2
Qe5 28. Rd1 Rae8 29. Qc3 Qxc3 30. Rxc3 Re1+ 31. Rxe1 Rxe1+ 32. Kf2 Rb1 33. Rb3
Rc1 34. Bd3 Nd6 35. Ke3 Kg7 36. Rb1 Rc3 37. Kd4 Ra3 38. Rb2 Kf6 39. Re2 a5 40.
bxa5 c5+ 41. Kxc5 Rxd3 42. a4 Nc8 43. Rb2 Rc3+ 44. Kb5 Nd6+ 45. Kb4 Rc4+ 46.
Kb3 Rc5 47. Rd2 Ke6 48. Kb4 Rc4+ 49. Kb3 Rc1 50. Re2+ Kd7 51. Kb4 Rc4+ 52. Kb3
Rd4 53. Rc2 Rd5 54. Kb4 Nc8 55. Rb2 Nd6 56. Rc2 Rd4+ 57. Kb3 Nc8 58. Rb2 Kc7
59. Rc2+ Kb8 60. Re2 Rd7 61. Kc4 Ka7 62. f4 Ne7 63. g4 Nc6 64. Kc5 Nxa5 65. f5
b6+ 66. Kb4 Rd4+ 67. Kb5 Rd5+ 68. Kb4 Nc6+ 69. Kc4 Rc5+ 70. Kd3 gxf5 71. g5
Rd5+ 72. Kc3 f4 73. h4 f3 74. Re6 Rf5 0-1

[Event "Amber-blindfold 16th"]
[Site "Monte Carlo"]
[Date "2007.03.20"]
[Round "4"]
[White "Radjabov, Teimour"]
[Black "Ivanchuk, Vassily"]
[Result "1/2-1/2"]
[WhiteElo "2729"]
[BlackElo "2750"]
[PlyCount "63"]
[EventDate "2007.03.17"]
[EventType "tourn (rapid)"]
[EventRounds "11"]
[EventCountry "MNC"]
[EventCategory "20"]
[SourceTitle "CBM 117 Extra"]
[Source "ChessBase"]
[SourceDate "2007.05.09"]
[SourceVersion "1"]
[SourceVersionDate "2007.05.09"]
[SourceQuality "1"]

1. e4 d6 2. d4 Nf6 3. Nc3 g6 4. f4 Bg7 5. Nf3 c5 6. Bb5+ Bd7 7. e5 Ng4 8. e6
fxe6 9. Ng5 Bxb5 10. Nxe6 Bxd4 11. Nxb5 Qa5+ 12. Qd2 Qxd2+ 13. Bxd2 Kd7 14.
Nec7 a6 15. Nxa8 axb5 16. a4 bxa4 17. Nb6+ Kc6 18. Nxa4 Nd7 19. Nc3 Nb6 20. Nd1
Nc4 21. c3 Bg7 22. Bc1 h5 23. O-O h4 24. Re1 Bf6 25. h3 Nh6 26. Nf2 Nf5 27. Ng4
Rf8 28. Nxf6 Rxf6 29. b3 Nb6 30. c4 Nd7 31. Bb2 Rf8 32. Bc3 1/2-1/2

[Event "Amber-blindfold 16th"]
[Site "Monte Carlo"]
[Date "2007.03.23"]
[Round "6"]
[White "Radjabov, Teimour"]
[Black "Vallejo Pons, Francisco"]
[Result "1-0"]
[WhiteElo "2729"]
[BlackElo "2679"]
[PlyCount "57"]
[EventDate "2007.03.17"]
[EventType "tourn (rapid)"]
[EventRounds "11"]
[EventCountry "MNC"]
[EventCategory "20"]
[SourceTitle "CBM 117 Extra"]
[Source "ChessBase"]
[SourceDate "2007.05.09"]
[SourceVersion "1"]
[SourceVersionDate "2007.05.09"]
[SourceQuality "1"]

1. d4 f5 2. c4 Nf6 3. Nc3 g6 4. h4 d6 5. h5 Nxh5 6. Rxh5 gxh5 7. e4 Be6 8. Be2
Bg7 9. Bxh5+ Kd7 10. d5 Bg8 11. exf5 Qf8 12. Bg4 Bf6 13. Nge2 Na6 14. Be3 Bf7
15. Ne4 Rg8 16. Bh3 Kc8 17. Qd2 Be8 18. Rc1 c5 19. Nf4 Bd7 20. Ne6 Qf7 21. a3
b6 22. b4 Nc7 23. bxc5 bxc5 24. Nxc7 Kxc7 25. Qa5+ Kc8 26. Nxc5 a6 27. Nxa6
Rxa6 28. Qxa6+ Kd8 29. Bb6+ 1-0

[Event "Amber-blindfold 16th"]
[Site "Monte Carlo"]
[Date "2007.03.27"]
[Round "9"]
[White "Gelfand, Boris"]
[Black "Radjabov, Teimour"]
[Result "1-0"]
[WhiteElo "2733"]
[BlackElo "2729"]
[PlyCount "51"]
[EventDate "2007.03.17"]
[EventType "tourn (rapid)"]
[EventRounds "11"]
[EventCountry "MNC"]
[EventCategory "20"]
[SourceTitle "CBM 117 Extra"]
[Source "ChessBase"]
[SourceDate "2007.05.09"]
[SourceVersion "1"]
[SourceVersionDate "2007.05.09"]
[SourceQuality "1"]

1. d4 Nf6 2. Nf3 g6 3. Bg5 Bg7 4. Nbd2 d6 5. e4 h6 6. Bh4 g5 7. Bg3 Nh5 8. c3
e6 9. Ng1 Nxg3 10. hxg3 e5 11. dxe5 Bxe5 12. Ngf3 Bg7 13. Bb5+ c6 14. Be2 O-O
15. Nc4 Qe7 16. Qxd6 Qxe4 17. Ne3 Qe6 18. O-O-O Qxa2 19. Bc4 Qa1+ 20. Kc2 Qa4+
21. Kb1 b5 22. Rxh6 bxc4 23. Rdh1 Re8 24. Nxg5 Be6 25. Rxe6 fxe6 26. Qc7 1-0

[Event "Amber-rapid 16th"]
[Site "Monte Carlo"]
[Date "2007.03.17"]
[Round "1"]
[White "Kramnik, Vladimir"]
[Black "Radjabov, Teimour"]
[Result "1/2-1/2"]
[WhiteElo "2766"]
[BlackElo "2729"]
[PlyCount "135"]
[EventDate "2007.03.17"]
[EventType "tourn (rapid)"]
[EventRounds "11"]
[EventCountry "MNC"]
[EventCategory "20"]
[SourceTitle "CBM 117 Extra"]
[Source "ChessBase"]
[SourceDate "2007.05.09"]
[SourceVersion "1"]
[SourceVersionDate "2007.05.09"]
[SourceQuality "1"]

1. e4 e5 2. Nf3 Nc6 3. Bb5 f5 4. Nc3 fxe4 5. Nxe4 Nf6 6. Nxf6+ Qxf6 7. Qe2 Be7
8. Bxc6 dxc6 9. Nxe5 Bf5 10. O-O O-O 11. d4 Bd6 12. c3 Be6 13. f4 Rae8 14. Be3
Qf5 15. b3 a5 16. Rae1 a4 17. c4 axb3 18. axb3 h5 19. h3 Qh7 20. g4 hxg4 21.
hxg4 Bxe5 22. dxe5 Qg6 23. Rf2 Qxg4+ 24. Qxg4 Bxg4 25. Ra2 Kf7 26. Ra7 Bc8 27.
Kf2 Rh8 28. Rg1 g6 29. b4 Rd8 30. b5 cxb5 31. cxb5 Rh2+ 32. Rg2 Rxg2+ 33. Kxg2
Be6 34. Kf2 Bd5 35. b6 cxb6 36. Bxb6 Rc8 37. Ra5 Ke6 38. Bc5 Rc6 39. Rb5 Kf5
40. Bd6 Rc2+ 41. Ke3 Bc6 42. Ra5 Rc4 43. Ra8 Re4+ 44. Kd3 Rxf4 45. Rf8+ Kg4 46.
Rxf4+ Kxf4 47. e6+ Kf3 48. e7 g5 49. Kd2 g4 50. Ke1 Bb5 51. Bc7 g3 52. Bb6 Kg2
53. Bc7 Be8 54. Bd6 Bh5 55. Bc7 Bf7 56. Bd6 Be8 57. Bc7 b5 58. Bd6 Bh5 59. Be5
Kh3 60. Kf1 b4 61. Kg1 b3 62. Bb2 Be8 63. Bc3 Bc6 64. Bb2 Kg4 65. Bc3 Kf3 66.
Bb2 Ke2 67. e8=Q+ Bxe8 68. Kg2 1/2-1/2

[Event "Amber-rapid 16th"]
[Site "Monte Carlo"]
[Date "2007.03.20"]
[Round "4"]
[White "Ivanchuk, Vassily"]
[Black "Radjabov, Teimour"]
[Result "1-0"]
[WhiteElo "2750"]
[BlackElo "2729"]
[PlyCount "95"]
[EventDate "2007.03.17"]
[EventType "tourn (rapid)"]
[EventRounds "11"]
[EventCountry "MNC"]
[EventCategory "20"]
[SourceTitle "CBM 117 Extra"]
[Source "ChessBase"]
[SourceDate "2007.05.09"]
[SourceVersion "1"]
[SourceVersionDate "2007.05.09"]
[SourceQuality "1"]

1. d4 Nf6 2. Nf3 g6 3. c4 Bg7 4. Nc3 d6 5. e4 O-O 6. Be2 e5 7. Be3 Ng4 8. Bg5
f6 9. Bh4 Nc6 10. d5 Ne7 11. Nd2 Nh6 12. f3 c5 13. dxc6 bxc6 14. b4 Be6 15. Bf2
d5 16. Nb3 d4 17. Na4 f5 18. O-O f4 19. b5 g5 20. Rb1 cxb5 21. cxb5 Rf6 22.
Nac5 Bc8 23. Be1 Kh8 24. Ba5 Qe8 25. Nd3 Rg6 26. g4 Nf7 27. Nd2 h5 28. h3 Rh6
29. Rf2 Qg8 30. Rh2 Qh7 31. Nf1 Bf6 32. Rc1 Ng6 33. Rc6 Kg7 34. Nc5 hxg4 35.
hxg4 Rxh2 36. Nxh2 Bd7 37. Rxf6 Rh8 38. Rxf7+ Kxf7 39. Bc4+ Ke8 40. Qd2 Bc8 41.
Nd3 Qh3 42. Qg2 Qh7 43. Be1 Qe7 44. Qc2 Rh3 45. Bd5 Bd7 46. Qc7 Qd8 47. Bf7+
Ke7 48. Bb4+ 1-0

[Event "Amber-rapid 16th"]
[Site "Monte Carlo"]
[Date "2007.03.24"]
[Round "7"]
[White "Radjabov, Teimour"]
[Black "Carlsen, Magnus"]
[Result "1/2-1/2"]
[WhiteElo "2729"]
[BlackElo "2690"]
[PlyCount "59"]
[EventDate "2007.03.17"]
[EventType "tourn (rapid)"]
[EventRounds "11"]
[EventCountry "MNC"]
[EventCategory "20"]
[SourceTitle "CBM 117 Extra"]
[Source "ChessBase"]
[SourceDate "2007.05.09"]
[SourceVersion "1"]
[SourceVersionDate "2007.05.09"]
[SourceQuality "1"]

1. d4 Nf6 2. c4 c5 3. d5 e5 4. Nc3 Bd6 5. Nb5 Bc7 6. Nxc7+ Qxc7 7. f3 d6 8. e4
O-O 9. Bd3 b5 10. Ne2 bxc4 11. Bxc4 Ba6 12. Qc2 Nbd7 13. O-O Bxc4 14. Qxc4 Rfb8
15. Nc3 Rb4 16. Qe2 c4 17. Be3 Rab8 18. Rab1 h6 19. Rfc1 Qa5 20. Nd1 Nc5 21.
Bd2 Nd3 22. Bxb4 Rxb4 23. Rc3 Qxa2 24. Qc2 Qa5 25. b3 Nd7 26. Kf1 N7c5 27. bxc4
Rxc4 28. g3 Rd4 29. Ne3 Nb4 30. Qb2 1/2-1/2

[Event "Amber-rapid 16th"]
[Site "Monte Carlo"]
[Date "2007.03.27"]
[Round "9"]
[White "Radjabov, Teimour"]
[Black "Gelfand, Boris"]
[Result "1/2-1/2"]
[WhiteElo "2729"]
[BlackElo "2733"]
[PlyCount "92"]
[EventDate "2007.03.17"]
[EventType "tourn (rapid)"]
[EventRounds "11"]
[EventCountry "MNC"]
[EventCategory "20"]
[SourceTitle "CBM 117 Extra"]
[Source "ChessBase"]
[SourceDate "2007.05.09"]
[SourceVersion "1"]
[SourceVersionDate "2007.05.09"]
[SourceQuality "1"]

1. d4 Nf6 2. c4 e6 3. Nf3 b6 4. g3 Ba6 5. b3 Bb4+ 6. Bd2 Be7 7. Bg2 O-O 8. O-O
d5 9. cxd5 exd5 10. Nc3 Bb7 11. Rc1 Na6 12. Bf4 Re8 13. Ne5 h6 14. h4 c5 15.
dxc5 Nxc5 16. Be3 Bd6 17. Bxc5 bxc5 18. Nc4 Bc7 19. Rc2 Rb8 20. Rd2 d4 21. Bxb7
Rxb7 22. Na4 Ne4 23. Rd3 Qf6 24. Nd2 Bb6 25. e3 Nxd2 26. Qxd2 c4 27. bxc4 dxe3
28. fxe3 Qe5 29. Nxb6 Qxg3+ 30. Qg2 Qxg2+ 31. Kxg2 axb6 32. Rf4 Ra7 33. Kf3
Rxa2 34. Rd7 Ra3 35. Re4 Raa8 36. Rf4 Ra3 37. Re4 Rxe4 38. Kxe4 Ra4 39. Kd3 Rb4
40. Rb7 g5 41. hxg5 hxg5 42. Kc3 Rb1 43. Kc2 Rf1 44. Rxb6 g4 45. Kd3 Kf8 46. e4
Ke7 1/2-1/2

[Event "RUS-chT 14th"]
[Site "Sochi"]
[Date "2007.05.03"]
[Round "2"]
[White "Radjabov, Teimour"]
[Black "Alekseev, Evgeny V"]
[Result "1/2-1/2"]
[WhiteElo "2747"]
[BlackElo "2679"]
[PlyCount "74"]
[EventDate "2007.05.02"]
[EventType "team-tourn"]
[EventRounds "9"]
[EventCountry "RUS"]
[SourceTitle "EXT 2020"]
[Source "ChessBase"]
[SourceDate "2019.10.17"]
[SourceVersion "1"]
[SourceVersionDate "2019.10.17"]
[SourceQuality "1"]
[WhiteTeam "Sverdlovsk Ural region"]
[BlackTeam "Saratov Ekonomist SGSEU"]
[WhiteTeamCountry "RUS"]
[BlackTeamCountry "RUS"]

1. d4 Nf6 2. c4 e6 3. Nc3 Bb4 4. Qc2 O-O 5. e4 d5 6. e5 Ne4 7. Bd3 c5 8. Nge2
Nc6 9. cxd5 exd5 10. O-O cxd4 11. Nxd5 Qxd5 12. Bxe4 Qxe5 13. a3 Ba5 14. Bxh7+
Kh8 15. Bd3 Bg4 16. f3 Bd7 17. Bf4 Qf6 18. Qc5 Kg8 19. Qh5 g6 20. Bg5 Qe5 21.
Qh6 Bd8 22. Bxd8 Raxd8 23. Rad1 Bf5 24. Bxf5 Qxf5 25. f4 Rfe8 26. Ng3 Qf6 27.
f5 Qg7 28. Qc1 d3 29. fxg6 Qxg6 30. Kh1 Re5 31. Qf4 Rdd5 32. Rd2 Qe6 33. h3 Re1
34. Rxe1 Qxe1+ 35. Kh2 Qe6 36. Ne4 Kf8 37. Ng3 Qe5 1/2-1/2